000 00391nam a2200133Ia 4500
008 100328s9999 xx 000 0 und d
082 _b20718
100 _aबुवा वि.आ.
245 _aपडल्या पडल्या
260 _bभारतीय
630 _aपडल्या पडल्या
730 _aपडल्या पडल्या
942 _cBOOK
999 _c514815
_d514812